000 00502nam a2200181Ia 4500
008 090123s9999 xx 000 0 und d
082 _b33810
_a923.254/राऊत
100 _aराऊत संजय
245 _aएकवचनी
250 _a1
260 _bमेहता प्रकाशन
_c2002
300 _a443
600 _aराऊत संजय
630 _aएकवचनी
700 _aराऊत संजय
730 _aएकवचनी
942 _cBOOK
999 _c71843
_d71843